000
00335nam a2200145Ia 4500
008
191201s2009 xx 000 0 und d
082
_a
381.410
_b
BAR
100
_a
BADI, R.V
245
0
_a
Rural Marketing
250
_a
Rep
260
_a
N.Delhi
_b
Himalaya Publication House
_c
2009
300
_a
637
650
_a
MBA
942
_2
ddc
_c
BK
999
_c
4295
_d
4295